|
|
|
|
| LEADER |
00000cam a2200000 i 4500 |
| 001 |
1/59728 |
| 008 |
020327s2000 gr | ||| |||| ||gre|| |
| 020 |
|
|
|a 9602103744
|
| 035 |
|
|
|l 10000549
|
| 040 |
|
|
|a GR-MυUα
|b gre
|e AACR2
|
| 041 |
1 |
|
|a gre
|h eng
|
| 082 |
7 |
|
|a 938.484
|
| 100 |
1 |
|
|a Fleming, K. E.
|q (Katherine Elizabeth),
|d 1965-
|
| 245 |
1 |
0 |
|a Αλή Πασάς :
|b ο μουσουλμάνος Βοναπάρτης /
|c Fleming K. E. ; μετάφραση Βασίλης Κουρής.
|
| 260 |
|
|
|a Αθήνα :
|b Οδυσσέας,
|c 2000.
|
| 300 |
|
|
|a 314 σ. ;
|c 21εκ.
|
| 504 |
|
|
|a Περιέχει βιβλιογραφία και ευρετήριο.
|
| 600 |
0 |
0 |
|a Ali Pasa,
|c Tepedelenli,
|d 1744?-1822.
|
| 650 |
|
0 |
|a Statesmen
|z Albania
|x Biography.
|
| 651 |
|
0 |
|a Albania
|x History
|y 1501-1912.
|
| 651 |
|
0 |
|a Ioannina Region (Greece)
|x History.
|
| 700 |
1 |
|
|a Κουρής, Βασίλης,
|e trl [Μεταφραστής]
|
| 765 |
0 |
8 |
|i Μετάφραση του:
|t The Muslim Bonaparte :
|
| 852 |
|
|
|a INST
|b LESVOS
|e 20020327
|h 938.484 FLE
|p 005100027059
|q 005100027059
|t BK
|y 0
|
| 901 |
|
|
|a BIBL1-2002-1
|
| 970 |
|
|
|a ΤΖΑΦΕΡΗ
|b ΕΥΑΓΓΕΛΙΑ
|z 2002/03/28
|